Mobb Deep - The Infamous tracklist - Statistics

General Stats
  • This quiz has been taken 48 times
  • The average score is 11 of 16
Answer Stats
# Answer % Correct
15. Shook Ones, Pt. II
97%
3. Survival of the Fittest
94%
8. Up North Trip
76%
6. Give Up the Goods (Just Step)
71%
1. The Start of Your Ending (41st Side)
71%
4. Eye for a Eye (Your Beef Is Mines)
68%
10. Q.U. Hectic
68%
9. Trife Life
68%
14. Drink Away the Pain
65%
16. Party Over
65%
11. Right Back at You
62%
13. Cradle to the Grave
56%
7. Temperature's Rising
56%
5. Just Step Prelude
50%
2. The Infamous Prelude
44%
12. The Grave Prelude
41%
No matching quizzes found
Score Distribution
Percent of People with Each Score
Percentile by Number Answered
Your Score History
You have not taken this quiz